| 000 | 01971nam0a22003491 4500 | ||
|---|---|---|---|
| 001 | v19\rc\1549521 | ||
| 005 | 20260405222735.0 | ||
| 035 | _a(NLR Aleph) 005235601 | ||
| 090 |
_a5650921 _c5650921 |
||
| 100 | _a20060620e18891889|||y0rusy50 ca | ||
| 101 | 0 | _arus | |
| 102 | _aRU | ||
| 105 | _ay z ||||| | ||
| 200 | 1 |
_aЛопари и их предания _eсообщение Д.Н. Островского _e(читано в Отделении этнографии 4 ноября 1888 г.) |
|
| 210 |
_a[Санкт-Петербург] _cТипография А.С. Суворина _d[1889] |
||
| 215 |
_a18 с. _d22 |
||
| 309 | _aБез тит. л. и обл. | ||
| 311 | _a"Перепеч. по распоряжению Рус. геогр. о-ва, из "Известий" о-ва" 1889, т. 25," с. 316-332 | ||
| 320 | _aБиблиогр. в подстроч. примеч. | ||
| 488 | 0 |
_12001#$aИзвестия Императорского Русского географического общества$v1889, т. 25 _1215##$aС. 316-332 _171002$3RU\NLR\AUTH\888969$aРусское географическое общество _tИзвестия Императорского Русского географического общества _aРусское географическое общество |
|
| 606 | 1 |
_aСаамы _xЭтнографические исследования _91604985 _3RU\NLR\AUTH\661005102 |
|
| 617 |
_oЕвропа _oЕвропа Северная _mЛапландия, природная область |
||
| 686 | _aТ52(231=С) | ||
| 700 | 1 |
_7ca _8rus _aОстровский _bД. Н. _f1856-1938 _gДмитрий Николаевич _983902 _3RU\NLR\AUTH\77100976 |
|
| 801 | 0 |
_aRU _bNLR _c20060620 _gpsbo |
|
| 801 | 0 |
_aRU _bRuMoRGB _c20060620 _2psbo |
|
| 801 | 1 |
_aRU _bProSoft-M _c20060620 _2rusmarc |
|
| 801 | 2 |
_aRU _bNLR _c20111125 _2rusmarc |
|
| 852 |
_aNLR _j34.83.7.861 |
||
| 852 |
_aNLR _bМф _jК-1/26867 |
||
| 942 | _cBOOK | ||
| 980 | _aNB | ||